De las sustitucion de importaciones a la sustitución de exportaciones /

Desarrolla las características y consecuencias del tránsito de la industrialización por sustitución de importaciones a la sustitución de exportaciones, debido a que es parte del proceso industrialista característico en los países capitalistas subdesarrollados en Latinoamérica durante la década de 19...

Descripció completa

Guardat en:
Dades bibliogràfiques
Autor principal: Flores, Max
Format: Text
Idioma:Spanish
Matèries:
Etiquetes: Afegir etiqueta
Sense etiquetes, Sigues el primer a etiquetar aquest registre!

MARC

LEADER 00000 a a2200000 04500
001 47166
003 cru CIDCACS/IIS
005 20170819062525.0
008 170818b xxu||||| |||| 00| 0 spa d
999 |c 27557  |d 27557 
040 |c cru CIDCACS/IIS 
100 |a Flores, Max  
245 |a De las sustitucion de importaciones a la sustitución de exportaciones /  |c Max Flores  
520 |a Desarrolla las características y consecuencias del tránsito de la industrialización por sustitución de importaciones a la sustitución de exportaciones, debido a que es parte del proceso industrialista característico en los países capitalistas subdesarrollados en Latinoamérica durante la década de 1980. Primero se aborda el tema de la industrialización sustitutiva de importaciones, seguido de una explicación al respecto de la sustitución de exportaciones. Finaliza con la conclusión de que la sustitución de exportaciones no sacará a dichos países de su condición de subdesarrollo, ya que la industrialización no equivale a desarrollo. 
650 4 |9 1840  |a DESARROLLO INDUSTRIAL 
650 1 0 |9 5244  |a POLITICA DE INDUSTRIALIZACION 
650 1 0 |9 1809  |a SUSTITUCION DE IMPORTACIONES 
650 1 0 |9 95  |a EXPORTACIONES 
651 1 0 |9 17  |a AMERICA LATINA 
773 |g volumen3, número7, (1982), páginas 149-160  
942 |2 ddc  |c PP